000 00818nam a22002177a 4500
999 _c18775
_d18775
003 AR-CdUCM
008 190515b ||||| |||| 00| 0 spa d
040 _aMUNICIPALIDAD PROVINCIAL DEL CUSCO
_cBIBLIOTECA MUNICIPAL DEL CUSCO
082 _a869.5592 /
_bR36
100 _aReinaga M., César Augusto.
_939572
245 _aClorinda Matto de Turner :
_botras facetas biográficas /
260 _aCusco :
_bMunicipalidad del Cusco,
_c1997.
300 _a119 páginas ;
_c22 cm.
505 _aContenido: Ramón Matto -- Los Usandivaras -- José I. Clorinda -- Cultura intelectual -- Aspectos económicos -- Aspectos religiosos.
650 _aLiteratos peruanos
_9808
650 _aPerú
_935
650 _aBiografía
_922
710 _aMunicipalidad del Cusco
_9876
942 _2ddc
_cLIBROS
945 _aachl
_d2019-05-15